1292 1012 1007 1695 1831 1256 1361 1799 1096 1502 1582 1986 1611 1588 1786 1223 1611 1858 1552 1201 1297 1965 1303 1168 1950 1592 1517 1716 1111 1392 1125 1976 1850 1354 1384 1785 1012 1339 1513 1716 1178 1994 1886 1822 1012 1894 1829 1874 1701 1081 1783 1766 1616 1111 1613 1592 1135 1486 1294 1017 1521 1445 1780 1028 1547 1566 1976 1125 1438 1721 1064 1842 1898 1221 1635 1500 1150 1505 1264 1411 1643 1140 1310 1210 1502 1799 1243 1766 1968 1332 1226 1758 1777 1306 1797 1853 1696 1058 1259 BCNSPRNW ULIB Ver.6.0+V

เปลี่ยนเป็นภาษาไทย

Change to English
 แสดงรายละเอียดบรรณานุกรม
  กลับหน้าหลัก

Brief Record : Get Marc (ISO 2709) : E-mail record : QR code < ปิดหน้าต่าง
LEADER : 00000nam 2200000uu 4500
001    13399120781
003     ULIB
008    121016s2550||||th 000 0 tha d
099    วพ.WD100^bศ173ผ
100 0  ศรีวัฒนา ปานดี
245 00 ผลของโปรแกรมการสร้างพลังอำนาจร่วมกับกระบวนการกลุ่มต่อการปฏิบัติตนในการดูแลน้ำหนักตัวของวัยรุ่นที่มีภาวะโภชนาการเกิน /^c ศรีวัฒนา ปานดี = The effect of the empowerment program with group process on practice of weight management in over nutritional adolescents
246 0  The effect of the empowerment program with group process on practice of weight management in over nutritional adolescents
260    ^c2550
300    ก-ญ, 167 แผ่น :|bภาพประกอบ
502    วิทยานิพนธ์ (พย.ม.)--จุฬาลงกรณ์มหาวิทยาลัย, 2550
650  0 Adolescence|xNutrition
650  0 Body weight
650  2 Nutrition Disorders|xin adolescence
650  7  การดูแลสุขภาพด้วยตนเอง
650  7 วัยรุ่น|xโภชนาการ
650  7 น้ำหนักตัว
945    ^p0^l0^i032840
995    เกษร
999    ^aใช้งานได้ทุกระบบ
รายการนี้ยังไม่มีแท็ก
คุณยังไม่ได้ล็อกอิน คุณสามารถมีกิจกรรมร่วมกับเว็บไซต์ได้ แต่ต้องล็อกอินก่อน ::
  ล็อกอิน

รายการสื่อสารสนเทศ

ลำดับที่ ประเภท เลขเรียก/บาร์โค้ด สถานที่ สถานะ
1. วิทยานิพนธ์
วิทยานิพนธ์
วพ.WD100 ศ173ผ  
  Barcode: 032840
ห้องสมุดวิทยาเขตสวรรค์ประชารักษ์
►วิจัย
บนชั้น

รายการใกล้เคียง
    ผู้แต่ง [ศรีวัฒนา ปานดี]

    หัวเรื่อง [การดูแลสุขภาพด้วยตนเอง]
    หัวเรื่อง [น้ำหนักตัว]

BibComment


ยังไม่เคยถูกคอมเมนท์

คอมเมนท์ทรัพยากรรายการนี้
  คอมเมนท์: ผลของโปรแกรมการสร..


 Copyright 2026. Bcnsprnw @Library